Statistiken für NATO Länder

Klicken Sie hier um das Quiz zu spielen!

Allgemein

  • Dieses Quiz wurde 120 mal gespielt
  • Das Durchschnittsergebnis liegt bei 29 aus 31

Antworten auf der Karte

Die Antworten werden auf der Karte rot bzw. grün angezeigt, abhängig davon wie oft sie richtig erraten wurden.
 

Antwortstatistiken

Länder% Korrekt
Deutschland
100%
Frankreich
100%
Spanien
100%
Polen
99%
Italien
98%
Portugal
98%
Kanada
97%
Vereinigtes Königreich
97%
Vereinigte Staaten
97%
Belgien
96%
Niederlande
96%
Lettland
95%
Litauen
95%
Dänemark
94%
Finnland
94%
Island
94%
Kroatien
94%
Estland
93%
Griechenland
92%
Norwegen
92%
Tschechien
90%
Slowakei
89%
Luxemburg
88%
Rumänien
88%
Slowenien
87%
Türkei
87%
Ungarn
87%
Albanien
86%
Bulgarien
84%
Nordmazedonien
79%
Montenegro
76%

Verteilung der Resultate

Perzentil nach korrekt beantworteten Fragen

Anzahl Personen mit jedem Resultat

Ihre Resultats-Entwicklung

Sie haben dieses Quiz noch nicht gespielt